000 00318nam a2200121Ia 4500
008 190802s9999 xx 000 0 und d
020 _a978-93-530-6282-8
100 _aPaul Deitel
245 0 _aC How to Program with an introduction to C + +
260 _aNew Delhi
_bPearson
_c2018
300 _a1005:p
942 _cBK
999 _c2245
_d2245